00390 a2200109 4500001001000000005001700010008004100027245009800068100002200166773007500188999001700263ART_1730120260410161819.0260409a 10aLa extensión de la persecución penal a los delitos de evasión de las haciendas locales.1 aBello, Alberto M.0 tDoctrina Penal Tributaria y Económicag- Nº 27 (mayo 2013)wREV4317 c22151d22151